000 00857nam a2200217 i 4500
003 IT-RoINE
005 20191007112339.0
008 941004m19451946sp |r 001|||spa|d
040 _aUSA.CCEE
_dUPSA
_dIT-RoINE
_cesslup IT-RoINE
100 1 _aAyala, Manuel José de,
_d1728-1805
_963186
245 1 0 _aNotas a la Recopilación de Indias :
_borigen e historia ilustrada de las leyes de Indias /
_cpor Manuel Josef de Ayala ; transcripción y estudio preliminar de Juan Manzano Manzano.
260 _aMadrid :
_bCultura Hispánica,
_c1945-1946.
300 _a2 v. ;
_c29 cm.
336 _2rdacontent
_atext
337 _2rdamedia
_aunmediated
338 _2rdacarrier
_avolume
500 _aIncluye índices.
651 4 _aEspaña
_xColonias
_zAmérica
_xAdministración
_xFuentes
_962567
700 1 _aManzano Manzano, Juan,
_938324
_d1911-2004
942 _cMTS
999 _c32215
_d32215